000 00545nam a2200217Ia 4500
003 OSt
005 20220924134054.0
006 a|||||r|||| 00| 0
007 ta
008 220923b |||||||| |||| 00| 0 snd d
024 _a272047
037 _cTextual
040 _aARTS
_cARTS
_bsnd
041 _2snd
_asnd
082 _aO152,1M85x, 1593L1
100 _aLakhani Vishandas
_9208005
245 0 _aKisaan
260 _c1971
942 _hO152,1M85x, 1593L1
_cTEXL
_2CC
999 _c436288
_d436288